Normal view MARC view
  • Safdar Mahmood

Entry Personal Name

Number of records used in: 7

001 - CONTROL NUMBER

  • control field: 9778

003 - CONTROL NUMBER IDENTIFIER

  • control field: NUST

005 - DATE AND TIME OF LATEST TRANSACTION

  • control field: 20180124152920.0

008 - FIXED-LENGTH DATA ELEMENTS

  • fixed length control field: 180124|| aca||aabn | a|a d

040 ## - CATALOGING SOURCE

  • Original cataloging agency: NUST
  • Transcribing agency: NUST

100 ## - HEADING--PERSONAL NAME

  • Personal name: Safdar Mahmood

670 ## - SOURCE DATA FOUND

  • Source citation: Work cat.: (NUST)324219: Safdar Mahmood, International Affairs
© 2023 Central Library, National University of Sciences and Technology. All Rights Reserved.